Campaña de educación cívica : CAP/CAI 1999-2000. Tolerancia , participación y legalidad.

Gespeichert in:
Bibliographische Detailangaben
Körperschaft: Instituto Federal Electoral. DECEyEC
Format: Buch
Sprache:Spanisch
Schlagworte:
Tags: Tag hinzufügen
Keine Tags, Fügen Sie das erste Tag hinzu!

MARC

LEADER 00000nam^a2200000^u^4500
001 000502272
005 20250521000000.0
008 071204s1000^^^^^^^^^^^^r^^^^^000^0^spa^d
009 20260526151112.057
035 |a FCE 000046462 
037 |a Acervo ITESO - Biblioteca 
041 |a spa 
082 0 4 |a 370.115  |b INSc v.3 
110 |a Instituto Federal Electoral. DECEyEC 
245 1 0 |a Campaña de educación cívica :  |b CAP/CAI 1999-2000. Tolerancia , participación y legalidad.  |h [videograbación] 
264 |a México :  |b IFE : DECEyEC,  |c [2000?]. 
300 |a 1 videocasete [30:00 min. c/u]  |b son. col. 
336 |a texto  |b txt  |2 rdacontenido 
337 |a sin mediación  |b n  |2 rdamedio 
338 |a volumen  |b nc  |2 rdasoporte 
596 |a Formato VHS 
649 |a XX 
650 |a Valores 
650 |a Educación cívica 
650 |a Participación 
650 |a Relaciones interpersonales 
650 |a México 
910 |a Fondo Centro de Estudios Educativos 
920 |a Impresos - Libros 
930 |a Fondos Especiales 
905 |a 133 
901 |a ALE062995  |b IT2  |c CEE  |u 20250521 
902 |a https://opac.biblio.iteso.mx/vufind/Record/000502272